<?xml version="1.0" encoding="UTF-8"?>
<record
    xmlns:xsi="http://www.w3.org/2001/XMLSchema-instance"
    xsi:schemaLocation="http://www.loc.gov/MARC21/slim http://www.loc.gov/standards/marcxml/schema/MARC21slim.xsd"
    xmlns="http://www.loc.gov/MARC21/slim">

  <leader>00481nam a22001697a 4500</leader>
  <controlfield tag="005">20240304105415.0</controlfield>
  <controlfield tag="008">240304b        |||||||| |||| 00| 0 eng d</controlfield>
  <datafield tag="022" ind1=" " ind2=" ">
    <subfield code="a">10233806</subfield>
  </datafield>
  <datafield tag="041" ind1=" " ind2=" ">
    <subfield code="a">English </subfield>
  </datafield>
  <datafield tag="082" ind1=" " ind2=" ">
    <subfield code="a">349 BUT </subfield>
  </datafield>
  <datafield tag="100" ind1=" " ind2=" ">
    <subfield code="l">English </subfield>
  </datafield>
  <datafield tag="245" ind1=" " ind2=" ">
    <subfield code="a">Butterworths Law Reports : Labour Law </subfield>
  </datafield>
  <datafield tag="260" ind1=" " ind2=" ">
    <subfield code="a">Durban : </subfield>
    <subfield code="b">LexisNexis (Pty) Ltd,</subfield>
    <subfield code="c">2014 </subfield>
  </datafield>
  <datafield tag="300" ind1=" " ind2=" ">
    <subfield code="b">xxii, 105 pages ;</subfield>
    <subfield code="c">25 cm. </subfield>
  </datafield>
  <datafield tag="650" ind1=" " ind2=" ">
    <subfield code="a">Legal practice </subfield>
    <subfield code="b">Law </subfield>
  </datafield>
  <datafield tag="942" ind1=" " ind2=" ">
    <subfield code="c">BK</subfield>
    <subfield code="6">ALISON_BN_VRIES</subfield>
  </datafield>
  <datafield tag="999" ind1=" " ind2=" ">
    <subfield code="c">1401</subfield>
    <subfield code="d">1401</subfield>
  </datafield>
  <datafield tag="952" ind1=" " ind2=" ">
    <subfield code="0">0</subfield>
    <subfield code="1">0</subfield>
    <subfield code="2">ddc</subfield>
    <subfield code="3">January 2014 No 1 </subfield>
    <subfield code="4">0</subfield>
    <subfield code="6">349_000000000000000_BUT</subfield>
    <subfield code="7">0</subfield>
    <subfield code="8">SER</subfield>
    <subfield code="9">2547</subfield>
    <subfield code="a">LSN</subfield>
    <subfield code="b">LSN</subfield>
    <subfield code="c">BLR</subfield>
    <subfield code="d">2024-03-04</subfield>
    <subfield code="l">0</subfield>
    <subfield code="o">349 BUT </subfield>
    <subfield code="p">LSN/2023/596</subfield>
    <subfield code="r">2024-03-04 00:00:00</subfield>
    <subfield code="w">2024-03-04</subfield>
    <subfield code="y">BK</subfield>
  </datafield>
  <datafield tag="952" ind1=" " ind2=" ">
    <subfield code="0">0</subfield>
    <subfield code="1">0</subfield>
    <subfield code="2">ddc</subfield>
    <subfield code="3">February 2014 No 2 </subfield>
    <subfield code="4">0</subfield>
    <subfield code="6">349_000000000000000_BUT</subfield>
    <subfield code="7">0</subfield>
    <subfield code="8">SER</subfield>
    <subfield code="9">2548</subfield>
    <subfield code="a">LSN</subfield>
    <subfield code="b">LSN</subfield>
    <subfield code="c">BLR</subfield>
    <subfield code="d">2024-03-04</subfield>
    <subfield code="l">0</subfield>
    <subfield code="o">349 BUT</subfield>
    <subfield code="p">LSN/2023/597</subfield>
    <subfield code="r">2024-03-04 00:00:00</subfield>
    <subfield code="w">2024-03-04</subfield>
    <subfield code="y">BK</subfield>
  </datafield>
  <datafield tag="952" ind1=" " ind2=" ">
    <subfield code="0">0</subfield>
    <subfield code="1">0</subfield>
    <subfield code="2">ddc</subfield>
    <subfield code="3">March 2014 No 3 </subfield>
    <subfield code="4">0</subfield>
    <subfield code="6">349_000000000000000_BUT</subfield>
    <subfield code="7">0</subfield>
    <subfield code="8">SER</subfield>
    <subfield code="9">2549</subfield>
    <subfield code="a">LSN</subfield>
    <subfield code="b">LSN</subfield>
    <subfield code="c">BLR</subfield>
    <subfield code="d">2024-03-04</subfield>
    <subfield code="l">0</subfield>
    <subfield code="o">349 BUT </subfield>
    <subfield code="p">LSN/2023/598</subfield>
    <subfield code="r">2024-03-04 00:00:00</subfield>
    <subfield code="w">2024-03-04</subfield>
    <subfield code="y">BK</subfield>
  </datafield>
  <datafield tag="952" ind1=" " ind2=" ">
    <subfield code="0">0</subfield>
    <subfield code="1">0</subfield>
    <subfield code="2">ddc</subfield>
    <subfield code="3">April 2014 No 4 </subfield>
    <subfield code="4">0</subfield>
    <subfield code="6">349_000000000000000_BUT</subfield>
    <subfield code="7">0</subfield>
    <subfield code="8">SER</subfield>
    <subfield code="9">2550</subfield>
    <subfield code="a">LSN</subfield>
    <subfield code="b">LSN</subfield>
    <subfield code="c">BLR</subfield>
    <subfield code="d">2024-03-04</subfield>
    <subfield code="l">0</subfield>
    <subfield code="o">349 BUT </subfield>
    <subfield code="p">LSN/2023/599</subfield>
    <subfield code="r">2024-03-04 00:00:00</subfield>
    <subfield code="w">2024-03-04</subfield>
    <subfield code="y">BK</subfield>
  </datafield>
  <datafield tag="952" ind1=" " ind2=" ">
    <subfield code="0">0</subfield>
    <subfield code="1">0</subfield>
    <subfield code="2">ddc</subfield>
    <subfield code="3">May 2014 No 5 </subfield>
    <subfield code="4">0</subfield>
    <subfield code="6">349_000000000000000_BUT</subfield>
    <subfield code="7">0</subfield>
    <subfield code="8">SER</subfield>
    <subfield code="9">2551</subfield>
    <subfield code="a">LSN</subfield>
    <subfield code="b">LSN</subfield>
    <subfield code="c">BLR</subfield>
    <subfield code="d">2024-03-04</subfield>
    <subfield code="l">0</subfield>
    <subfield code="o">349 BUT </subfield>
    <subfield code="p">LSN/2023/600</subfield>
    <subfield code="r">2024-03-04 00:00:00</subfield>
    <subfield code="w">2024-03-04</subfield>
    <subfield code="y">BK</subfield>
  </datafield>
  <datafield tag="952" ind1=" " ind2=" ">
    <subfield code="0">0</subfield>
    <subfield code="1">0</subfield>
    <subfield code="2">ddc</subfield>
    <subfield code="3">June 2014 No 6 </subfield>
    <subfield code="4">0</subfield>
    <subfield code="6">349_000000000000000_BUT</subfield>
    <subfield code="7">0</subfield>
    <subfield code="8">SER</subfield>
    <subfield code="9">2552</subfield>
    <subfield code="a">LSN</subfield>
    <subfield code="b">LSN</subfield>
    <subfield code="c">BLR</subfield>
    <subfield code="d">2024-03-04</subfield>
    <subfield code="l">0</subfield>
    <subfield code="o">349 BUT </subfield>
    <subfield code="p">LSN/2023/601</subfield>
    <subfield code="r">2024-03-04 00:00:00</subfield>
    <subfield code="w">2024-03-04</subfield>
    <subfield code="y">BK</subfield>
  </datafield>
  <datafield tag="952" ind1=" " ind2=" ">
    <subfield code="0">0</subfield>
    <subfield code="1">0</subfield>
    <subfield code="2">ddc</subfield>
    <subfield code="3">July 2014 No 7 </subfield>
    <subfield code="4">0</subfield>
    <subfield code="6">349_000000000000000_BUT</subfield>
    <subfield code="7">0</subfield>
    <subfield code="8">SER</subfield>
    <subfield code="9">2553</subfield>
    <subfield code="a">LSN</subfield>
    <subfield code="b">LSN</subfield>
    <subfield code="c">BLR</subfield>
    <subfield code="d">2024-03-04</subfield>
    <subfield code="l">0</subfield>
    <subfield code="o">349 BUT </subfield>
    <subfield code="p">LSN/2023/602</subfield>
    <subfield code="r">2024-03-04 00:00:00</subfield>
    <subfield code="w">2024-03-04</subfield>
    <subfield code="y">BK</subfield>
  </datafield>
  <datafield tag="952" ind1=" " ind2=" ">
    <subfield code="0">0</subfield>
    <subfield code="1">0</subfield>
    <subfield code="2">ddc</subfield>
    <subfield code="3">August 2014 No 8 </subfield>
    <subfield code="4">0</subfield>
    <subfield code="6">349_000000000000000_BUT</subfield>
    <subfield code="7">0</subfield>
    <subfield code="8">SER</subfield>
    <subfield code="9">2554</subfield>
    <subfield code="a">LSN</subfield>
    <subfield code="b">LSN</subfield>
    <subfield code="c">BLR</subfield>
    <subfield code="d">2024-03-04</subfield>
    <subfield code="l">0</subfield>
    <subfield code="o">349 BUT </subfield>
    <subfield code="p">LSN/2023/603</subfield>
    <subfield code="r">2024-03-04 00:00:00</subfield>
    <subfield code="w">2024-03-04</subfield>
    <subfield code="y">BK</subfield>
  </datafield>
  <datafield tag="952" ind1=" " ind2=" ">
    <subfield code="0">0</subfield>
    <subfield code="1">0</subfield>
    <subfield code="2">ddc</subfield>
    <subfield code="3">September 2014 No 9</subfield>
    <subfield code="4">0</subfield>
    <subfield code="6">349_000000000000000_BUT</subfield>
    <subfield code="7">0</subfield>
    <subfield code="8">SER</subfield>
    <subfield code="9">2555</subfield>
    <subfield code="a">LSN</subfield>
    <subfield code="b">LSN</subfield>
    <subfield code="c">BLR</subfield>
    <subfield code="d">2024-03-04</subfield>
    <subfield code="l">0</subfield>
    <subfield code="o">349 BUT </subfield>
    <subfield code="p">LSN/2023/604</subfield>
    <subfield code="r">2024-03-04 00:00:00</subfield>
    <subfield code="w">2024-03-04</subfield>
    <subfield code="y">BK</subfield>
  </datafield>
  <datafield tag="952" ind1=" " ind2=" ">
    <subfield code="0">0</subfield>
    <subfield code="1">0</subfield>
    <subfield code="2">ddc</subfield>
    <subfield code="3">October 2014 No 10 </subfield>
    <subfield code="4">0</subfield>
    <subfield code="6">349_000000000000000_BUT</subfield>
    <subfield code="7">0</subfield>
    <subfield code="8">SER</subfield>
    <subfield code="9">2940</subfield>
    <subfield code="a">LSN</subfield>
    <subfield code="b">LSN</subfield>
    <subfield code="c">BLR</subfield>
    <subfield code="d">2024-04-02</subfield>
    <subfield code="l">0</subfield>
    <subfield code="o">349 BUT </subfield>
    <subfield code="p">LSN/2023/605</subfield>
    <subfield code="r">2024-04-02 00:00:00</subfield>
    <subfield code="w">2024-04-02</subfield>
    <subfield code="y">BK</subfield>
  </datafield>
  <datafield tag="952" ind1=" " ind2=" ">
    <subfield code="0">0</subfield>
    <subfield code="1">0</subfield>
    <subfield code="2">ddc</subfield>
    <subfield code="3">November 2014 No 11</subfield>
    <subfield code="4">0</subfield>
    <subfield code="6">349_000000000000000_BUT</subfield>
    <subfield code="7">0</subfield>
    <subfield code="8">SER</subfield>
    <subfield code="9">2941</subfield>
    <subfield code="a">LSN</subfield>
    <subfield code="b">LSN</subfield>
    <subfield code="c">BLR</subfield>
    <subfield code="d">2024-04-02</subfield>
    <subfield code="l">0</subfield>
    <subfield code="o">349 BUT </subfield>
    <subfield code="p">LSN/2023/606</subfield>
    <subfield code="r">2024-04-02 00:00:00</subfield>
    <subfield code="w">2024-04-02</subfield>
    <subfield code="y">BK</subfield>
  </datafield>
  <datafield tag="952" ind1=" " ind2=" ">
    <subfield code="0">0</subfield>
    <subfield code="1">0</subfield>
    <subfield code="2">ddc</subfield>
    <subfield code="3">December 2014 No 12 </subfield>
    <subfield code="4">0</subfield>
    <subfield code="6">349_000000000000000_BUT</subfield>
    <subfield code="7">0</subfield>
    <subfield code="8">SER</subfield>
    <subfield code="9">2942</subfield>
    <subfield code="a">LSN</subfield>
    <subfield code="b">LSN</subfield>
    <subfield code="c">BLR</subfield>
    <subfield code="d">2024-04-02</subfield>
    <subfield code="l">0</subfield>
    <subfield code="o">349 BUT</subfield>
    <subfield code="p">LSN/2023/607</subfield>
    <subfield code="r">2024-04-02 00:00:00</subfield>
    <subfield code="w">2024-04-02</subfield>
    <subfield code="y">BK</subfield>
  </datafield>
</record>
